Músicas da Pabllo Vittar com Mais Streams de A a Z - Statistics

Estatísticas Gerais
  • Esse quiz foi jogado 23 vezes
  • A pontuação média é 8 de 24
Estatísticas das Respostas
Letter Streams Songs % Correto
K 146M K.O.
88%
C 98M Corpo Sensual
69%
P 74M Parabéns
63%
S 221M Sua Cara
63%
A 511M Alibi
50%
M 189M MODO TURBO
44%
T 40M Triste com T
44%
Z 38M Zap Zum
44%
I 22M Indestrutível
38%
D 60M Disk Me
31%
G 66M Garupa
31%
J 30M Joga Bunda
31%
O 14M Open Bar
31%
R 26M Rajadão
31%
E 29M Então Vai
19%
F 41M Flash Pose
19%
# 2M 10/10
13%
B 52M Bandida
13%
H 7M Hasta La Vista
13%
Q 3M Quem Manda em Mim
13%
U 11M Ultra Som
13%
V 11M Vira Lata
13%
L 13M Lento (Brabo Remix)
6%
N 20M Não Esqueço
6%
Nenhum quiz correspondente encontrado
Distribuição das Pontuações
Porcentagem de Pessoas com Cada Pontuação
Percentil de Números Respondidos
Sua Pontuação Histórica
Você não jogou esse quiz